[Event "European Online Club-ch-H 2021"]
[Site "Online"]
[Date "2021.03.27"]
[Round "6.15"]
[White "Wagner, Dennis"]
[Black "Pajeken, Jakob Leon"]
[Result "1-0"]
[WhiteElo "2581"]
[BlackElo "2323"]
[Annotator "ChessBase"]
[PlyCount "97"]
[EventDate "2021.03.27"]
[EventType "team-tourn"]
[EventCountry "NET"]
[SourceTitle "playchess.com"]
[Source "ChessBase"]
[SourceQuality "1"]
[TimeControl "900+5"]

1. e4 {[%emt 0:00:00]} e5 {[%emt 0:00:03]} 2. Nf3 {[%emt 0:00:03]} Nc6 {[%emt 0:00:01]} 3. Bb5 {[%emt 0:00:01]} a6 {[%emt 0:00:01]} 4. Ba4 {[%emt 0:00:01]} Nf6 {[%emt 0:00:02]} 5. O-O {[%emt 0:00:04]} Be7 {[%emt 0:00:02]} 6. Re1 {[%emt 0:00:02]} b5 {[%emt 0:00:02]} 7. Bb3 {[%emt 0:00:01]} d6 {[%emt 0:00:01]} 8. c3 {[%emt 0:00:05]} O-O {[%emt 0:00:02]} 9. h3 {[%emt 0:00:00]} Na5 {[%emt 0:00:02]} 10. Bc2 {[%emt 0:00:03]} c5 {[%emt 0:00:02]} 11. d4 {[%emt 0:00:04]} Qc7 {[%emt 0:00:03]} 12. Nbd2 {[%emt 0:00:36]} cxd4 {[%emt 0:00:03]} 13. cxd4 {[%emt 0:00:01]} Rd8 {[%emt 0:00:01]} 14. d5 {[%emt 0:03:02]} Bd7 {[%emt 0:00:03]} 15. Nf1 {[%emt 0:00:12]} Rdc8 {[%emt 0:00:02]} 16. Bd3 {[%emt 0:00:22]} Nb7 {[%emt 0:00:03]} 17. Bg5 {[%emt 0:00:18]} Nc5 {[%emt 0:00:14]} 18. Rc1 {[%emt 0:00:08]} Qd8 {[%emt 0:00:39]} 19. Bb1 {[%emt 0:01:12]} Na4 {[%emt 0:00:36]} 20. Qd2 {[%emt 0:00:28]} Rxc1 {[%emt 0:02:15]} 21. Rxc1 {[%emt 0:00:03]} Rc8 {[%emt 0:00:02]} 22. b3 {[%emt 0:00:18]} Nc5 {[%emt 0:00:12]} 23. Ng3 {[%emt 0:00:11]} Qb6 {[%emt 0:02:35]} 24. b4 {[%emt 0:01:30]} Na4 {[%emt 0:00:25]} 25. Rxc8+ {[%emt 0:00:03]} Bxc8 {[%emt 0:00:01]} 26. Qc1 {[%emt 0:00:04]} Bd7 {[%emt 0:00:31]} 27. Bd3 {[%emt 0:01:10]} Qb7 {[%emt 0:00:35]} 28. Nh5 {[%emt 0:03:12]} Nxh5 {[%emt 0:00:50]} 29. Bxe7 {[%emt 0:00:05]} Nf4 {[%emt 0:00:05]} 30. Bf1 {[%emt 0:00:19]} Bxh3 {[%emt 0:00:30]} 31. Bxd6 {[%emt 0:00:45]} Bxg2 {[%emt 0:00:21]} 32. Nxe5 {[%emt 0:00:40]} Bxf1 {[%emt 0:02:17]} 33. Kxf1 {[%emt 0:00:54]} Ng6 {[%emt 0:00:32]} 34. Nxg6 {[%emt 0:00:10]} hxg6 {[%emt 0:00:03]} 35. Qc6 {[%emt 0:00:56]} Qxc6 {[%emt 0:00:05]} 36. dxc6 {[%emt 0:00:00]} Nb6 {[%emt 0:00:02]} 37. e5 {[%emt 0:00:20]} Nc8 {[%emt 0:00:21]} 38. Ke2 {[%emt 0:00:13]} f6 {[%emt 0:00:19]} 39. Ke3 {[%emt 0:00:17]} Kf7 {[%emt 0:00:05]} 40. Kd4 {[%emt 0:00:14]} Ke6 {[%emt 0:00:11]} 41. c7 {[%emt 0:00:06]} g5 {[%emt 0:00:22]} 42. exf6 {[%emt 0:00:11]} gxf6 {[%emt 0:00:29]} 43. Bh2 {[%emt 0:00:01]} f5 {[%emt 0:00:09]} 44. Kc5 {[%emt 0:00:02]} f4 {[%emt 0:00:05]} 45. Kc6 {[%emt 0:00:02]} Ne7+ {[%emt 0:02:29]} 46. Kb7 {[%emt 0:00:02]} Ke5 {[%emt 0:00:39]} 47. f3 {[%emt 0:00:03]} Kd5 {[%emt 0:00:12]} 48. Bg1 {[%emt 0:00:02]} Nf5 {[%emt 0:00:11]} 49. Bc5 {[%emt 0:00:03]} 1-0

[Event "European Online Club-ch-H 2021"]
[Site "Online"]
[Date "2021.03.27"]
[Round "6.16"]
[White "Arndt, Magnus"]
[Black "Buhmann, Rainer"]
[Result "1/2-1/2"]
[WhiteElo "2282"]
[BlackElo "2580"]
[Annotator "ChessBase"]
[PlyCount "143"]
[EventDate "2021.03.27"]
[EventType "team-tourn"]
[EventCountry "NET"]
[SourceTitle "playchess.com"]
[Source "ChessBase"]
[SourceQuality "1"]
[TimeControl "900+5"]

1. e4 {[%emt 0:00:00]} e5 {[%emt 0:00:02]} 2. Nf3 {[%emt 0:00:03]} Nc6 {[%emt 0:00:02]} 3. d4 {[%emt 0:00:08]} exd4 {[%emt 0:00:02]} 4. Nxd4 {[%emt 0:00:00]} Nf6 {[%emt 0:00:02]} 5. Nxc6 {[%emt 0:00:23]} bxc6 {[%emt 0:00:05]} 6. e5 {[%emt 0:00:02]} Qe7 {[%emt 0:00:03]} 7. Qe2 {[%emt 0:00:01]} Nd5 {[%emt 0:00:01]} 8. c4 {[%emt 0:00:02]} Nb6 {[%emt 0:00:03]} 9. Nc3 {[%emt 0:00:02]} Qe6 {[%emt 0:00:37]} 10. Qe4 {[%emt 0:00:25]} d5 {[%emt 0:00:08]} 11. exd6 {[%emt 0:00:22]} Qxe4+ {[%emt 0:00:03]} 12. Nxe4 {[%emt 0:00:00]} cxd6 {[%emt 0:00:01]} 13. Bf4 {[%emt 0:00:54]} d5 {[%emt 0:00:12]} 14. Nd6+ {[%emt 0:00:17]} Bxd6 {[%emt 0:00:46]} 15. Bxd6 {[%emt 0:00:00]} Nxc4 {[%emt 0:00:05]} 16. Bxc4 {[%emt 0:00:30]} dxc4 {[%emt 0:00:02]} 17. O-O-O {[%emt 0:00:41]} Be6 {[%emt 0:00:05]} 18. Rhe1 {[%emt 0:00:24]} O-O-O {[%emt 0:00:25]} 19. a3 {[%emt 0:00:18]} a6 {[%emt 0:03:23]} 20. Be5 {[%emt 0:00:33]} Rxd1+ {[%emt 0:00:06]} 21. Rxd1 {[%emt 0:00:00]} f6 {[%emt 0:00:08]} 22. Bc3 {[%emt 0:00:07]} Bd5 {[%emt 0:00:04]} 23. f3 {[%emt 0:00:23]} Kd7 {[%emt 0:00:33]} 24. Re1 {[%emt 0:00:11]} Rc8 {[%emt 0:00:22]} 25. Re3 {[%emt 0:00:32]} h5 {[%emt 0:00:19]} 26. h4 {[%emt 0:00:58]} Rg8 {[%emt 0:02:19]} 27. Re2 {[%emt 0:00:45]} c5 {[%emt 0:00:32]} 28. Kd2 {[%emt 0:00:08]} Be6 {[%emt 0:00:12]} 29. Ke3 {[%emt 0:00:08]} Bf5 {[%emt 0:00:14]} 30. Kf2 {[%emt 0:00:06]} Bd3 {[%emt 0:00:04]} 31. Re3 {[%emt 0:00:03]} Kd6 {[%emt 0:00:17]} 32. Re1 {[%emt 0:00:07]} Bf5 {[%emt 0:00:54]} 33. Re3 {[%emt 0:00:15]} Be6 {[%emt 0:00:10]} 34. Re1 {[%emt 0:00:05]} Ke7 {[%emt 0:00:10]} 35. Rd1 {[%emt 0:00:11]} Rc8 {[%emt 0:00:23]} 36. Rd2 {[%emt 0:00:30]} Bf5 {[%emt 0:00:08]} 37. Rd1 {[%emt 0:00:13]} Bd3 {[%emt 0:00:04]} 38. Re1+ {[%emt 0:00:04]} Kf7 {[%emt 0:00:02]} 39. Re3 {[%emt 0:00:05]} Rd8 {[%emt 0:00:16]} 40. Re1 {[%emt 0:00:27]} Bf5 {[%emt 0:00:34]} 41. Re2 {[%emt 0:00:22]} Rg8 {[%emt 0:00:20]} 42. Re1 {[%emt 0:00:19]} Bd3 {[%emt 0:00:27]} 43. Re3 {[%emt 0:00:06]} Rd8 {[%emt 0:00:22]} 44. Re1 {[%emt 0:00:05]} Rd5 {[%emt 0:00:03]} 45. Re3 {[%emt 0:00:09]} Rf5 {[%emt 0:00:18]} 46. Re1 {[%emt 0:00:11]} Rf4 {[%emt 0:00:22]} 47. Kg3 {[%emt 0:00:10]} Rf5 {[%emt 0:00:06]} 48. Kf2 {[%emt 0:00:03]} Rd5 {[%emt 0:00:06]} 49. Re3 {[%emt 0:00:04]} Bf5 {[%emt 0:00:03]} 50. Re2 {[%emt 0:00:11]} Rd7 {[%emt 0:00:50]} 51. Re1 {[%emt 0:00:18]} Be6 {[%emt 0:00:06]} 52. Re2 {[%emt 0:00:06]} Ke7 {[%emt 0:00:21]} 53. Rd2 {[%emt 0:00:11]} Rb7 {[%emt 0:00:10]} 54. Re2 {[%emt 0:00:05]} Kd6 {[%emt 0:00:04]} 55. Rd2+ {[%emt 0:00:05]} Kc6 {[%emt 0:00:29]} 56. Re2 {[%emt 0:00:06]} Bf7 {[%emt 0:00:32]} 57. Re3 {[%emt 0:00:07]} Rd7 {[%emt 0:00:06]} 58. Re2 {[%emt 0:00:04]} Bg6 {[%emt 0:00:27]} 59. Re3 {[%emt 0:00:08]} Bf7 {[%emt 0:00:15]} 60. Re2 {[%emt 0:00:04]} Bg6 {[%emt 0:00:02]} 61. Re3 {[%emt 0:00:02]} Kd6 {[%emt 0:00:07]} 62. Re2 {[%emt 0:00:05]} Rb7 {[%emt 0:00:04]} 63. Re3 {[%emt 0:00:06]} Kd7 {[%emt 0:00:07]} 64. Re1 {[%emt 0:00:05]} Bd3 {[%emt 0:00:02]} 65. Re3 {[%emt 0:00:02]} Rb8 {[%emt 0:00:03]} 66. Re1 {[%emt 0:00:04]} Rb3 {[%emt 0:00:14]} 67. Rc1 {[%emt 0:00:05]} Kc6 {[%emt 0:00:06]} 68. Re1 {[%emt 0:00:52]} Kd7 {[%emt 0:00:06]} 69. Rc1 {[%emt 0:00:07]} Rb8 {[%emt 0:00:02]} 70. Re1 {[%emt 0:00:03]} Rg8 {[%emt 0:00:05]} 71. Re3 {[%emt 0:00:05]} Rb8 {[%emt 0:00:06]} 72. Re1 {[%emt 0:00:02]} 1/2-1/2

[Event "European Online Club-ch-H 2021"]
[Site "Online"]
[Date "2021.03.27"]
[Round "6.17"]
[White "Mamedov, Rauf"]
[Black "Nagy, Gabor"]
[Result "1/2-1/2"]
[WhiteElo "2654"]
[BlackElo "2509"]
[Annotator "ChessBase"]
[PlyCount "60"]
[EventDate "2021.03.27"]
[EventType "team-tourn"]
[EventCountry "NET"]
[SourceTitle "playchess.com"]
[Source "ChessBase"]
[SourceQuality "1"]
[TimeControl "900+5"]

1. e4 {[%emt 0:00:00]} c5 {[%emt 0:00:05]} 2. Nf3 {[%emt 0:00:04]} e6 {[%emt 0:00:01]} 3. c3 {[%emt 0:00:05]} d5 {[%emt 0:00:07]} 4. exd5 {[%emt 0:00:07]} Qxd5 {[%emt 0:00:02]} 5. d4 {[%emt 0:00:01]} Nf6 {[%emt 0:00:03]} 6. Na3 {[%emt 0:00:07]} Nc6 {[%emt 0:01:01]} 7. Nb5 {[%emt 0:00:42]} Qd8 {[%emt 0:00:18]} 8. dxc5 {[%emt 0:00:03]} Bxc5 {[%emt 0:00:17]} 9. Qxd8+ {[%emt 0:00:03]} Kxd8 {[%emt 0:00:03]} 10. b4 {[%emt 0:00:03]} Bb6 {[%emt 0:00:28]} 11. Nd6 {[%emt 0:00:03]} Ke7 {[%emt 0:00:07]} 12. Nc4 {[%emt 0:00:02]} Ne4 {[%emt 0:00:11]} 13. Nxb6 {[%emt 0:04:04]} axb6 {[%emt 0:00:03]} 14. Bb2 {[%emt 0:00:24]} f6 {[%emt 0:01:03]} 15. Bd3 {[%emt 0:00:05]} Nd6 {[%emt 0:00:05]} 16. b5 {[%emt 0:01:00]} Na5 {[%emt 0:00:15]} 17. Ba3 {[%emt 0:00:14]} Rd8 {[%emt 0:02:20]} 18. O-O-O {[%emt 0:02:13]} e5 {[%emt 0:03:09]} 19. Bb4 {[%emt 0:02:15]} Be6 {[%emt 0:00:16]} 20. Bxh7 {[%emt 0:00:20]} Nac4 {[%emt 0:00:14]} 21. Nd2 {[%emt 0:01:36]} Kf7 {[%emt 0:02:40]} 22. Nxc4 {[%emt 0:00:03]} Nxc4 {[%emt 0:00:02]} 23. Bb1 {[%emt 0:00:06]} Rdc8 {[%emt 0:00:32]} 24. f4 {[%emt 0:00:45]} exf4 {[%emt 0:00:10]} 25. Rhe1 {[%emt 0:00:02]} Ne3 {[%emt 0:00:07]} 26. Rd4 {[%emt 0:00:15]} Bxa2 {[%emt 0:00:56]} 27. g3 {[%emt 0:02:08]} Bxb1 {[%emt 0:00:28]} 28. Kxb1 {[%emt 0:00:02]} Rd8 {[%emt 0:00:56]} 29. Rxf4 {[%emt 0:00:10]} Nd5 {[%emt 0:00:04]} 30. Rc4 {[%emt 0:00:03]} Rd7 {[%emt 0:00:07]} 1/2-1/2

[Event "European Online Club-ch-H 2021"]
[Site "Online"]
[Date "2021.03.27"]
[Round "6.18"]
[White "Mihok, Oliver"]
[Black "Asadli, Vugar"]
[Result "1/2-1/2"]
[WhiteElo "2540"]
[BlackElo "2572"]
[Annotator "ChessBase"]
[PlyCount "118"]
[EventDate "2021.03.27"]
[EventType "team-tourn"]
[EventCountry "NET"]
[SourceTitle "playchess.com"]
[Source "ChessBase"]
[SourceQuality "1"]
[TimeControl "900+5"]

1. e4 {[%emt 0:00:00]} c6 {[%emt 0:00:03]} 2. d4 {[%emt 0:00:06]} d5 {[%emt 0:00:01]} 3. Nd2 {[%emt 0:00:02]} dxe4 {[%emt 0:00:01]} 4. Nxe4 {[%emt 0:00:01]} Bf5 {[%emt 0:00:01]} 5. Ng3 {[%emt 0:00:01]} Bg6 {[%emt 0:00:02]} 6. Bc4 {[%emt 0:00:01]} e6 {[%emt 0:00:11]} 7. N1e2 {[%emt 0:00:02]} Nf6 {[%emt 0:00:09]} 8. O-O {[%emt 0:00:03]} Nbd7 {[%emt 0:00:04]} 9. f4 {[%emt 0:00:02]} Nb6 {[%emt 0:00:04]} 10. Bd3 {[%emt 0:00:02]} Bxd3 {[%emt 0:00:04]} 11. Qxd3 {[%emt 0:00:01]} g6 {[%emt 0:00:07]} 12. f5 {[%emt 0:00:01]} gxf5 {[%emt 0:00:42]} 13. Nxf5 {[%emt 0:00:02]} exf5 {[%emt 0:00:58]} 14. Qxf5 {[%emt 0:00:02]} Be7 {[%emt 0:01:37]} 15. Bg5 {[%emt 0:00:12]} Nbd5 {[%emt 0:00:16]} 16. Rae1 {[%emt 0:04:20]} Qd7 {[%emt 0:02:12]} 17. Ng3 {[%emt 0:00:03]} O-O-O {[%emt 0:02:27]} 18. c4 {[%emt 0:00:14]} Qxf5 {[%emt 0:02:20]} 19. Nxf5 {[%emt 0:01:04]} Bb4 {[%emt 0:00:02]} 20. cxd5 {[%emt 0:00:37]} Nxd5 {[%emt 0:00:28]} 21. Bxd8 {[%emt 0:00:47]} Bxe1 {[%emt 0:00:02]} 22. Nd6+ {[%emt 0:00:37]} Kd7 {[%emt 0:00:01]} 23. Nxf7 {[%emt 0:00:20]} Re8 {[%emt 0:00:24]} 24. Ne5+ {[%emt 0:02:03]} Kxd8 {[%emt 0:00:02]} 25. Rxe1 {[%emt 0:00:02]} Kc7 {[%emt 0:00:11]} 26. Rf1 {[%emt 0:00:28]} c5 {[%emt 0:01:28]} 27. Rf7+ {[%emt 0:00:04]} Kd6 {[%emt 0:00:01]} 28. Rd7+ {[%emt 0:01:43]} Ke6 {[%emt 0:00:02]} 29. Rxh7 {[%emt 0:00:29]} cxd4 {[%emt 0:00:07]} 30. Nf3 {[%emt 0:00:04]} d3 {[%emt 0:00:01]} 31. Rxb7 {[%emt 0:00:21]} Rc8 {[%emt 0:00:04]} 32. Rxa7 {[%emt 0:00:25]} Rc1+ {[%emt 0:00:15]} 33. Kf2 {[%emt 0:00:03]} Rc2+ {[%emt 0:00:02]} 34. Kg3 {[%emt 0:00:13]} d2 {[%emt 0:00:11]} 35. Nxd2 {[%emt 0:00:13]} Rxd2 {[%emt 0:00:01]} 36. Rb7 {[%emt 0:00:20]} Ne3 {[%emt 0:00:08]} 37. a4 {[%emt 0:00:16]} Nf5+ {[%emt 0:00:22]} 38. Kh3 {[%emt 0:00:26]} Nd6 {[%emt 0:00:04]} 39. Rb6 {[%emt 0:00:14]} Kd7 {[%emt 0:00:14]} 40. b3 {[%emt 0:00:23]} Kc7 {[%emt 0:00:07]} 41. Rb4 {[%emt 0:00:17]} Kc6 {[%emt 0:00:01]} 42. g4 {[%emt 0:00:17]} Kc5 {[%emt 0:00:01]} 43. Rb8 {[%emt 0:00:06]} Ne4 {[%emt 0:00:02]} 44. Rb5+ {[%emt 0:00:13]} Kd4 {[%emt 0:00:04]} 45. g5 {[%emt 0:00:10]} Ke3 {[%emt 0:00:12]} 46. Kg4 {[%emt 0:00:32]} Rg2+ {[%emt 0:00:09]} 47. Kh5 {[%emt 0:00:12]} Rxh2+ {[%emt 0:00:06]} 48. Kg6 {[%emt 0:00:02]} Kf4 {[%emt 0:00:15]} 49. a5 {[%emt 0:00:11]} Rc2 {[%emt 0:00:04]} 50. Rb6 {[%emt 0:00:19]} Rc5 {[%emt 0:00:19]} 51. a6 {[%emt 0:00:10]} Rxg5+ {[%emt 0:00:03]} 52. Kf7 {[%emt 0:00:02]} Ra5 {[%emt 0:00:02]} 53. b4 {[%emt 0:00:04]} Ra4 {[%emt 0:00:03]} 54. b5 {[%emt 0:00:09]} Ke5 {[%emt 0:00:06]} 55. Ke7 {[%emt 0:00:05]} Kd5 {[%emt 0:00:11]} 56. Kd7 {[%emt 0:00:12]} Nc5+ {[%emt 0:00:04]} 57. Kc7 {[%emt 0:00:04]} Kc4 {[%emt 0:00:10]} 58. Rb8 {[%emt 0:00:06]} Nxa6+ {[%emt 0:00:10]} 59. bxa6 {[%emt 0:00:03]} Rxa6 {[%emt 0:00:02]} 1/2-1/2

[Event "European Online Club-ch-H 2021"]
[Site "Online"]
[Date "2021.03.27"]
[Round "6.19"]
[White "Sadikhov, Ulvi"]
[Black "Glek, Igor"]
[Result "0-1"]
[WhiteElo "2490"]
[BlackElo "2475"]
[Annotator "ChessBase"]
[PlyCount "94"]
[EventDate "2021.03.27"]
[EventType "team-tourn"]
[EventCountry "NET"]
[SourceTitle "playchess.com"]
[Source "ChessBase"]
[SourceQuality "1"]
[TimeControl "900+5"]

1. e4 {[%emt 0:00:00]} e6 {[%emt 0:06:28]} 2. d3 {[%emt 0:00:12]} c5 {[%emt 0:00:43]} 3. Nf3 {[%emt 0:00:07]} Nc6 {[%emt 0:00:05]} 4. g3 {[%emt 0:00:01]} Nge7 {[%emt 0:00:02]} 5. Bg2 {[%emt 0:00:01]} g6 {[%emt 0:00:02]} 6. O-O {[%emt 0:00:02]} Bg7 {[%emt 0:00:02]} 7. Re1 {[%emt 0:00:06]} O-O {[%emt 0:00:04]} 8. h4 {[%emt 0:00:27]} h6 {[%emt 0:00:06]} 9. Nbd2 {[%emt 0:00:30]} e5 {[%emt 0:00:12]} 10. h5 {[%emt 0:01:55]} g5 {[%emt 0:00:00]} 11. Nc4 {[%emt 0:00:06]} d6 {[%emt 0:00:00]} 12. Nfd2 {[%emt 0:00:07]} Be6 {[%emt 0:00:00]} 13. a4 {[%emt 0:00:21]} Qd7 {[%emt 0:00:00]} 14. Nf1 {[%emt 0:03:12]} f5 {[%emt 0:00:00]} 15. exf5 {[%emt 0:00:42]} Nxf5 {[%emt 0:00:00]} 16. c3 {[%emt 0:01:23]} Rad8 {[%emt 0:00:00]} 17. Nh2 {[%emt 0:00:12]} Qf7 {[%emt 0:00:00]} 18. Qe2 {[%emt 0:01:00]} Rfe8 {[%emt 0:02:39]} 19. Ne3 {[%emt 0:00:33]} d5 {[%emt 0:00:21]} 20. Nxf5 {[%emt 0:01:33]} Bxf5 {[%emt 0:00:03]} 21. Bd2 {[%emt 0:00:32]} Kh8 {[%emt 0:02:03]} 22. Rad1 {[%emt 0:00:10]} b6 {[%emt 0:00:25]} 23. Bc1 {[%emt 0:00:29]} e4 {[%emt 0:00:40]} 24. dxe4 {[%emt 0:00:10]} Bxe4 {[%emt 0:00:01]} 25. Bxe4 {[%emt 0:00:19]} Rxe4 {[%emt 0:00:04]} 26. Qb5 {[%emt 0:00:25]} Rxe1+ {[%emt 0:00:35]} 27. Rxe1 {[%emt 0:00:02]} Rf8 {[%emt 0:00:08]} 28. f4 {[%emt 0:01:01]} Nd8 {[%emt 0:01:55]} 29. Qe2 {[%emt 0:00:10]} gxf4 {[%emt 0:00:10]} 30. Bxf4 {[%emt 0:00:04]} d4 {[%emt 0:00:02]} 31. c4 {[%emt 0:00:17]} Nc6 {[%emt 0:00:05]} 32. b3 {[%emt 0:00:40]} Nb4 {[%emt 0:00:03]} 33. Kg2 {[%emt 0:00:29]} d3 {[%emt 0:00:06]} 34. Qe4 {[%emt 0:00:05]} Qxh5 {[%emt 0:00:11]} 35. Nf3 {[%emt 0:00:02]} Qf5 {[%emt 0:00:14]} 36. Qb7 {[%emt 0:00:11]} Rf7 {[%emt 0:00:20]} 37. Qa8+ {[%emt 0:00:03]} Kh7 {[%emt 0:00:02]} 38. Nh4 {[%emt 0:00:04]} Qd7 {[%emt 0:00:08]} 39. Qe4+ {[%emt 0:00:17]} Kg8 {[%emt 0:00:01]} 40. Qg6 {[%emt 0:00:06]} Qb7+ {[%emt 0:00:09]} 41. Kh2 {[%emt 0:00:05]} Qd7 {[%emt 0:00:04]} 42. Bxh6 {[%emt 0:00:10]} d2 {[%emt 0:00:02]} 43. Rd1 {[%emt 0:00:03]} Rf2+ {[%emt 0:00:04]} 44. Kg1 {[%emt 0:00:04]} Re2 {[%emt 0:00:04]} 45. Qxg7+ {[%emt 0:00:08]} Qxg7 {[%emt 0:00:03]} 46. Bxg7 {[%emt 0:00:05]} Re1+ {[%emt 0:00:01]} 47. Kf2 {[%emt 0:00:03]} Rxd1 {[%emt 0:00:12]} 0-1

[Event "European Online Club-ch-H 2021"]
[Site "Online"]
[Date "2021.03.27"]
[Round "6.20"]
[White "Harff, Marcel"]
[Black "Ahmadzada, Ahmad"]
[Result "0-1"]
[WhiteElo "2360"]
[BlackElo "2431"]
[Annotator "NA"]
[PlyCount "102"]
[EventDate "2021.03.27"]
[EventType "team-tourn"]
[EventCountry "NET"]
[SourceTitle "playchess.com"]
[Source "ChessBase"]
[SourceQuality "1"]
[TimeControl "900+5"]

1. c4 {[%emt 0:00:00]} Nf6 {[%emt 0:00:04]} 2. g3 {[%emt 0:00:03]} c6 {[%emt 0:00:03]} 3. Bg2 {[%emt 0:00:01]} d5 {[%emt 0:00:02]} 4. b3 {[%emt 0:00:04]} Bf5 {[%emt 0:00:03]} 5. Bb2 {[%emt 0:00:02]} e6 {[%emt 0:00:02]} 6. Nf3 {[%emt 0:00:03]} Be7 {[%emt 0:00:03]} 7. O-O {[%emt 0:00:06]} O-O {[%emt 0:00:07]} 8. d3 {[%emt 0:00:02]} h6 {[%emt 0:00:03]} 9. Nbd2 {[%emt 0:00:10]} Bh7 {[%emt 0:00:05]} 10. a3 {[%emt 0:00:10]} a5 {[%emt 0:00:03]} 11. Qc2 {[%emt 0:00:23]} Nbd7 {[%emt 0:00:13]} 12. Rfe1 {[%emt 0:00:09]} Qb6 {[%emt 0:00:38]} 13. Bd4 {[%emt 0:00:41]} Bc5 {[%emt 0:00:11]} 14. Bxc5 {[%emt 0:00:09]} Nxc5 {[%emt 0:00:09]} 15. h3 {[%emt 0:00:47]} Rfe8 {[%emt 0:00:21]} 16. Rec1 {[%emt 0:00:04]} Ncd7 {[%emt 0:00:39]} 17. cxd5 {[%emt 0:00:45]} exd5 {[%emt 0:00:29]} 18. e3 {[%emt 0:00:08]} c5 {[%emt 0:01:16]} 19. Qc3 {[%emt 0:00:30]} Qd6 {[%emt 0:00:38]} 20. Rd1 {[%emt 0:01:10]} b5 {[%emt 0:00:45]} 21. e4 {[%emt 0:01:29]} dxe4 {[%emt 0:01:13]} 22. dxe4 {[%emt 0:00:16]} Qc7 {[%emt 0:00:18]} 23. e5 {[%emt 0:00:26]} Nd5 {[%emt 0:00:21]} 24. Qb2 {[%emt 0:00:06]} Rad8 {[%emt 0:01:06]} 25. a4 {[%emt 0:00:11]} c4 {[%emt 0:00:34]} 26. bxc4 {[%emt 0:00:55]} bxc4 {[%emt 0:00:10]} 27. Qd4 {[%emt 0:00:50]} N7b6 {[%emt 0:01:01]} 28. Rdc1 {[%emt 0:00:49]} Nb4 {[%emt 0:00:47]} 29. Qg4 {[%emt 0:00:48]} Nd3 {[%emt 0:00:24]} 30. Rc3 {[%emt 0:00:12]} Qc5 {[%emt 0:00:43]} 31. Rf1 {[%emt 0:00:32]} Nxe5 {[%emt 0:00:20]} 32. Nxe5 {[%emt 0:00:09]} Qxe5 {[%emt 0:00:11]} 33. Re3 {[%emt 0:00:40]} Qc5 {[%emt 0:00:14]} 34. Ne4 {[%emt 0:00:17]} Qd4 {[%emt 0:01:21]} 35. Rfe1 {[%emt 0:01:55]} Re6 {[%emt 0:00:08]} 36. Qh5 {[%emt 0:00:57]} Bxe4 {[%emt 0:01:08]} 37. Bxe4 {[%emt 0:00:15]} c3 {[%emt 0:00:18]} 38. Qxa5 {[%emt 0:00:27]} Nc4 {[%emt 0:00:19]} 39. Qxc3 {[%emt 0:00:46]} Nxe3 {[%emt 0:00:03]} 40. Qxe3 {[%emt 0:00:03]} Qxe3 {[%emt 0:00:07]} 41. Rxe3 {[%emt 0:00:02]} Rd4 {[%emt 0:00:06]} 42. f3 {[%emt 0:00:08]} Rxa4 {[%emt 0:00:07]} 43. Rb3 {[%emt 0:00:28]} g6 {[%emt 0:00:07]} 44. Rb2 {[%emt 0:00:23]} Rd6 {[%emt 0:00:10]} 45. Kf2 {[%emt 0:00:03]} Ra3 {[%emt 0:00:02]} 46. g4 {[%emt 0:00:03]} Rd4 {[%emt 0:00:06]} 47. Rb7 {[%emt 0:00:04]} Rd2+ {[%emt 0:00:13]} 48. Kg3 {[%emt 0:00:04]} g5 {[%emt 0:00:07]} 49. h4 {[%emt 0:00:08]} Raa2 {[%emt 0:00:03]} 50. hxg5 {[%emt 0:00:02]} hxg5 {[%emt 0:00:02]} 51. f4 {[%emt 0:00:06]} Ra3+ {[%emt 0:00:03]} 0-1

[Event "European Online Club-ch-H 2021"]
[Site "Online"]
[Date "2021.03.27"]
[Round "7.1"]
[White "Nagy, Gabor"]
[Black "Samani, Yamac"]
[Result "0-1"]
[WhiteElo "2509"]
[BlackElo "2246"]
[Annotator "ChessBase"]
[PlyCount "114"]
[EventDate "2021.03.27"]
[EventType "team-tourn"]
[EventCountry "NET"]
[SourceTitle "playchess.com"]
[Source "ChessBase"]
[SourceQuality "1"]
[TimeControl "900+5"]

1. d4 {[%emt 0:00:00]} Nf6 {[%emt 0:00:02]} 2. c4 {[%emt 0:00:07]} g6 {[%emt 0:00:01]} 3. Nc3 {[%emt 0:00:07]} Bg7 {[%emt 0:00:01]} 4. e4 {[%emt 0:00:12]} O-O {[%emt 0:00:02]} 5. Nge2 {[%emt 0:00:10]} d6 {[%emt 0:00:04]} 6. f3 {[%emt 0:00:07]} c5 {[%emt 0:00:05]} 7. d5 {[%emt 0:00:04]} e6 {[%emt 0:00:06]} 8. Ng3 {[%emt 0:00:05]} exd5 {[%emt 0:00:06]} 9. cxd5 {[%emt 0:00:02]} h5 {[%emt 0:00:09]} 10. Bg5 {[%emt 0:00:05]} a6 {[%emt 0:00:04]} 11. a4 {[%emt 0:00:03]} Qe8 {[%emt 0:00:17]} 12. Be2 {[%emt 0:00:28]} Nh7 {[%emt 0:00:03]} 13. Bf4 {[%emt 0:00:07]} h4 {[%emt 0:00:04]} 14. Nf1 {[%emt 0:00:20]} Qe7 {[%emt 0:00:05]} 15. Nd2 {[%emt 0:00:48]} Nd7 {[%emt 0:00:02]} 16. Nc4 {[%emt 0:00:21]} Ne5 {[%emt 0:00:02]} 17. Nb6 {[%emt 0:00:08]} Rb8 {[%emt 0:00:02]} 18. O-O {[%emt 0:00:40]} f5 {[%emt 0:01:31]} 19. Qd2 {[%emt 0:00:45]} g5 {[%emt 0:01:16]} 20. Be3 {[%emt 0:00:49]} f4 {[%emt 0:00:11]} 21. Bf2 {[%emt 0:00:03]} h3 {[%emt 0:00:03]} 22. Nxc8 {[%emt 0:00:15]} Rbxc8 {[%emt 0:00:13]} 23. gxh3 {[%emt 0:01:30]} Qd7 {[%emt 0:01:21]} 24. Kg2 {[%emt 0:00:40]} Rf6 {[%emt 0:00:27]} 25. Rg1 {[%emt 0:00:25]} Rcf8 {[%emt 0:01:26]} 26. Raf1 {[%emt 0:01:18]} Rh6 {[%emt 0:02:24]} 27. h4 {[%emt 0:00:03]} g4 {[%emt 0:01:33]} 28. Qd1 {[%emt 0:00:56]} gxf3+ {[%emt 0:00:51]} 29. Bxf3 {[%emt 0:00:05]} Ng5 {[%emt 0:00:03]} 30. Bh5 {[%emt 0:02:01]} f3+ {[%emt 0:01:35]} 31. Kh1 {[%emt 0:00:04]} Nh3 {[%emt 0:01:02]} 32. Rg3 {[%emt 0:00:12]} Rxh5 {[%emt 0:00:10]} 33. Qd2 {[%emt 0:00:02]} Kh7 {[%emt 0:00:32]} 34. Nd1 {[%emt 0:00:15]} Nxf2+ {[%emt 0:00:51]} 35. Nxf2 {[%emt 0:00:07]} Bh6 {[%emt 0:00:03]} 36. Qd1 {[%emt 0:00:06]} Rxh4 {[%emt 0:00:03]} 37. Rfg1 {[%emt 0:00:03]} Rf7 {[%emt 0:00:10]} 38. Nd3 {[%emt 0:00:22]} f2 {[%emt 0:00:16]} 39. Rf1 {[%emt 0:00:03]} Bf4 {[%emt 0:00:09]} 40. Rg2 {[%emt 0:00:15]} Qh3 {[%emt 0:00:17]} 41. Nxf2 {[%emt 0:00:15]} Qxh2+ {[%emt 0:00:27]} 42. Rxh2 {[%emt 0:00:01]} Rxh2+ {[%emt 0:00:02]} 43. Kg1 {[%emt 0:00:01]} Rg7+ {[%emt 0:00:07]} 44. Ng4 {[%emt 0:00:02]} Rxg4+ {[%emt 0:00:16]} 45. Qxg4 {[%emt 0:00:01]} Nxg4 {[%emt 0:00:01]} 46. Rxf4 {[%emt 0:00:02]} Rh4 {[%emt 0:00:02]} 47. Rf7+ {[%emt 0:00:01]} Kg6 {[%emt 0:00:02]} 48. Rxb7 {[%emt 0:00:05]} Kg5 {[%emt 0:00:02]} 49. Rb6 {[%emt 0:00:06]} Kf4 {[%emt 0:00:04]} 50. Rxa6 {[%emt 0:00:02]} Kg3 {[%emt 0:00:11]} 51. Rxd6 {[%emt 0:00:03]} Rh2 {[%emt 0:00:01]} 52. Rb6 {[%emt 0:00:24]} Re2 {[%emt 0:00:10]} 53. Kf1 {[%emt 0:00:07]} Kf3 {[%emt 0:00:02]} 54. a5 {[%emt 0:00:36]} Ne3+ {[%emt 0:00:11]} 55. Kg1 {[%emt 0:00:02]} Re1+ {[%emt 0:00:04]} 56. Kh2 {[%emt 0:00:02]} Ng4+ {[%emt 0:00:02]} 57. Kh3 {[%emt 0:00:01]} Rh1# {[%emt 0:00:02]} 0-1